Manufactura, ingeniería y tecnología
Uloženo v:
| Hlavní autoři: | , |
|---|---|
| Médium: | Kniha |
| Jazyk: | španělština |
| Vydáno: |
Ciudad de México
Pearson Educación
2008
|
| Vydání: | 5a. ed |
| Témata: | |
| Tagy: |
Přidat tag
Žádné tagy, Buďte první, kdo vytvoří štítek k tomuto záznamu!
|
MARC
| LEADER | 00000cam a2200000 a 4500 | ||
|---|---|---|---|
| 001 | UCI4318 | ||
| 003 | CL-VaPUC | ||
| 008 | 080111e20080000MX |||||||||||||||||spa|d | ||
| 020 | |a 9789702610267 | ||
| 082 | 0 | 4 | |a 670 |b KAL |2 21 |
| 100 | |a Kalpakjian, Serope |e author |9 572893 | ||
| 700 | 0 | |a Schmid, Steven R |e author |9 526144 | |
| 245 | 1 | 0 | |a Manufactura, ingeniería y tecnología |
| 250 | |a 5a. ed | ||
| 300 | |a 1295 p | ||
| 942 | |c BK | ||
| 945 | |d 20080111 00:00:00 |a jtorresc | ||
| 260 | |a Ciudad de México |b Pearson Educación |c 2008 | ||
| 650 | 0 | |a Procesos de manufactura |9 259371 | |
| 650 | 7 | |a INGENIERIA DE LA PRODUCCION |2 CL-VaPUC |9 262727 | |
| 583 | |a last modification |c 20130430 02:02:44 |k Rodrigo Vera | ||
| 999 | |c 328272 |d 328270 | ||
| 952 | |0 0 |1 0 |2 ddc |4 0 |6 670_000000000000000_KAL_2008 |7 0 |8 R |9 412082 |a BIBMEC |b BIBMEC |d 2019-11-22 |i 4399846 |l 1 |o 670 KAL 2008 |p 4399846 |r 2024-01-19 |s 2022-12-02 |w 2019-11-22 |y BK_P |k MEC | ||
| 952 | |0 0 |1 0 |2 ddc |4 0 |6 670_000000000000000_KAL_2008 |7 0 |8 R |9 412083 |a BIBMEC |b BIBMEC |d 2019-11-22 |i 4399854 |l 2 |o 670 KAL 2008 |p 4399854 |r 2024-01-19 |s 2023-10-25 |w 2019-11-22 |y BK_P |k MEC | ||
| 952 | |0 0 |1 0 |2 ddc |4 0 |6 670_000000000000000_KAL_2008 |7 0 |8 R |9 412084 |a BIBMEC |b BIBMEC |d 2019-11-22 |i 4399862 |o 670 KAL 2008 |p 4399862 |r 2024-01-19 |w 2019-11-22 |y BK_P |k MEC | ||
| 952 | |0 0 |1 0 |2 ddc |4 0 |6 670_000000000000000_KAL_2008 |7 0 |8 R |9 412085 |a BIBMEC |b BIBMEC |d 2019-11-22 |i 4737733 |l 4 |m 1 |o 670 KAL 2008 |p 4737733 |r 2024-01-19 |s 2023-11-29 |w 2019-11-22 |y BK_P |k MEC | ||
| 952 | |0 0 |1 0 |4 0 |6 670_000000000000000_KAL_2008 |7 0 |8 R |9 412086 |a BIBMEC |b BIBMEC |d 2019-11-22 |i 4969391 |o 670 KAL 2008 |p 4969391 |r 2019-11-22 |w 2019-11-22 |y BK_R |k MEC | ||